| 000 | 01590cam a22004095a 4500 | ||
|---|---|---|---|
| 999 |
_c22766 _d22738 |
||
| 001 | 17739591 | ||
| 003 | EG-ScBUE | ||
| 005 | 20191218103218.0 | ||
| 006 | m||||fq||h 00| 0 | ||
| 008 | 130515r20162012enka f 000 0 eng d | ||
| 020 | _a9780521185134 | ||
| 020 | _a9780521185141 | ||
| 020 | _a9780521185127 | ||
| 040 |
_aDLC _beng _erda _cDLC _dEG-ScBUE |
||
| 082 | 0 | 4 |
_a428.34 _bHAN _222 |
| 100 | 1 |
_aHancock, Mark, _eauthor. _915917 |
|
| 245 | 1 | 0 |
_aEnglish pronunciation in use : _bintermediate : self-study and classroom use / _cMark Hancock. |
| 250 | _aSecond edition. | ||
| 250 | _aNinth printing. | ||
| 264 | 1 |
_aCambridge, United Kingdom : _bCambridge University press, _c2016. |
|
| 300 |
_a208 pages : _billustrations (some color) ; _c27 cm + _e1 audio CD |
||
| 336 |
_2rdacontent _atext _btxt |
||
| 336 |
_2rdacontent _asounds _bsnd |
||
| 337 |
_2rdamedia _aunmediated _bn |
||
| 337 |
_2rdamedia _aaudio _bs |
||
| 338 |
_2rdacarrier _avolume _bnc |
||
| 338 |
_2rdacarrier _acomputer disc _bcd |
||
| 500 | _aSecond edition 2012. | ||
| 520 | _aA new edition of our best-selling pronunciation title, now in full colour and with a new section on understanding fast, authentic speech. | ||
| 590 | _aAsmaa mohamed | ||
| 650 | 7 |
_aEnglish language _xPronunciation by foreign speakers _vProblems, exercises, etc. _2BUEsh |
|
| 650 | 7 |
_aEnglish language _vTextbooks for foreign speakers _vProblems, exercises, etc. _2BUEsh |
|
| 650 | 7 |
_aEnglish language _xSpoken English _vProblems, exercises, etc. _2BUEsh |
|
| 653 |
_bHHUUEENN _cOctober2016 |
||
| 655 | _vReading book | ||
| 942 |
_2ddc _cBB |
||